[Event "29th North American Open"]
[Site "Las Vegas"]
[Date "2019.12.30"]
[Round "9.2"]
[White "Ruiz Castillo, Joshua Daniel"]
[Black "Paragua, Mark"]
[Result "1/2-1/2"]
[WhiteElo "2497"]
[BlackElo "2513"]
[PlyCount "89"]
[EventDate "2019.12.??"]
[EventType "swiss"]
[EventRounds "9"]
[EventCountry "USA"]

1. e4 c5 2. Nf3 d6 3. d4 cxd4 4. Qxd4 Nf6 5. c4 Nc6 6. Qe3 g6 7. Be2 Bg7 8. h3
O-O 9. O-O Nd7 10. Nc3 Qb6 11. Rd1 Qxe3 12. Bxe3 Bxc3 13. bxc3 b6 14. Nd4 Bb7
15. Nxc6 Bxc6 16. f3 Rac8 17. a4 f5 18. a5 fxe4 19. fxe4 Bxe4 20. axb6 axb6 21.
Ra7 Bf5 22. Bf3 Be6 23. Bd5 Bxd5 24. Rxd7 Bxc4 25. Rxe7 Rfe8 26. Rxe8+ Rxe8 27.
Bxb6 d5 28. Bd4 h5 29. Kf2 Kf7 30. Kg3 g5 31. Rb1 Bd3 32. Rb7+ Re7 33. Rb8 Re2
34. Rb7+ Ke6 35. Rb6+ Kd7 36. Rb7+ Kc6 37. Rg7 Be4 38. Rxg5 Rxg2+ 39. Kh4 Rxg5
40. Kxg5 Bg2 41. Kxh5 Bxh3 42. Kg5 Bc8 43. Kh5 Bd7 44. Kg5 Bc8 45. Kh5 1/2-1/2

[Event "29th North American Open"]
[Site "Las Vegas"]
[Date "2019.12.30"]
[Round "9.4"]
[White "Niemann, Hans Moke"]
[Black "Peng, Shunkai"]
[Result "1-0"]
[WhiteElo "2471"]
[BlackElo "2315"]
[PlyCount "87"]
[EventDate "2019.12.??"]
[EventType "swiss"]
[EventRounds "9"]
[EventCountry "USA"]

1. Nf3 Nf6 2. g3 d5 3. Bg2 e6 4. O-O Be7 5. d3 O-O 6. Nbd2 c5 7. e4 Nc6 8. e5
Nd7 9. Re1 b5 10. Nf1 b4 11. h4 h6 12. Bf4 Re8 13. Qd2 a5 14. N1h2 a4 15. Ng4
Bf8 16. c4 h5 17. cxd5 exd5 18. Ngh2 Ra6 19. Rac1 Bb7 20. Qd1 Rb6 21. Bh3 b3
22. a3 d4 23. e6 fxe6 24. Ng5 Nf6 25. Bxe6+ Rxe6 26. Nxe6 Qd5 27. Qf3 Ne7 28.
Qxd5 Nexd5 29. Bg5 Rb5 30. Nxf8 Kxf8 31. Bxf6 gxf6 32. Nf1 Bc8 33. Nd2 Bf5 34.
Ne4 Bxe4 35. Rxe4 Nc3 36. Re6 Kf7 37. Rce1 Nd1 38. R6e2 Nc3 39. Re7+ Kg6 40.
Rc7 Kf5 41. Kg2 Kg6 42. Rc6 Kf5 43. Ree6 Nd5 44. Red6 1-0

[Event "29th North American Open"]
[Site "Las Vegas"]
[Date "2019.12.30"]
[Round "9"]
[White "Andrews, Todd"]
[Black "Bryant, John Daniel"]
[Result "0-1"]
[WhiteElo "2214"]
[BlackElo "2422"]
[PlyCount "119"]
[EventDate "2019.12.??"]
[EventType "swiss"]
[EventRounds "9"]
[EventCountry "USA"]

1. d4 c5 2. d5 e6 3. c4 exd5 4. cxd5 d6 5. Nc3 g6 6. Nf3 Nf6 7. Bf4 Bg7 8. h3
O-O 9. e3 Na6 10. Be2 Nc7 11. O-O a6 12. a4 Rb8 13. e4 Re8 14. Nd2 b5 15. Bf3
b4 16. Ne2 a5 17. Re1 Ba6 18. Rc1 Na8 19. Ng3 Nb6 20. b3 Qc7 21. Be3 h5 22. Bd4
h4 23. Ngf1 Qe7 24. Bb2 Bh6 25. Ne3 Nfd7 26. Be2 Bxe3 27. Bxa6 Bf4 28. Bb5 Qg5
29. Bxd7 Nxd7 30. Nc4 f5 31. e5 dxe5 32. Rc2 Qe7 33. Nxa5 Qf7 34. Nc4 e4 35.
Bc1 Bxc1 36. Qxc1 Qf6 37. Qf4 Re7 38. a5 Ra8 39. d6 Re6 40. Qd2 Qd4 41. Qg5 Qf6
42. Qxf6 Nxf6 43. Rd1 Nd7 44. Nb6 Rd8 45. Ra2 Kf7 46. Nxd7 Rxd7 47. a6 Re8 48.
Rd5 Rc8 49. a7 Ke6 50. Rxc5 Rxa7 51. d7 Rxc5 52. d8=Q Rxa2 53. Qe8+ Kd5 54.
Qxg6 Rc1+ 55. Kh2 Rcc2 56. Qxf5+ Kd4 57. Qf6+ Kd3 58. Qd6+ Kc3 59. Qb6 Re2 60.
Qe6 0-1

[Event "29th North American Open"]
[Site "Las Vegas"]
[Date "2019.12.30"]
[Round "9"]
[White "Blatny, Pavel"]
[Black "Katz, Alexander"]
[Result "0-1"]
[WhiteElo "2331"]
[BlackElo "2404"]
[PlyCount "94"]
[EventDate "2019.12.??"]
[EventType "swiss"]
[EventRounds "9"]
[EventCountry "USA"]

1. b3 e5 2. Bb2 e4 3. e3 d5 4. d3 exd3 5. Bxd3 Nf6 6. Nf3 Bd6 7. h3 O-O 8. Nbd2
Nc6 9. c4 dxc4 10. Nxc4 Bb4+ 11. Ke2 Be6 12. Qc2 Be7 13. a3 h6 14. Rad1 Qe8 15.
g4 Nd7 16. Rdg1 Bd5 17. g5 Bxf3+ 18. Kxf3 Bxg5 19. Qc3 Nde5+ 20. Ke2 Bf6 21.
Be4 Ng6 22. Qc2 Bxb2 23. Nxb2 Qe5 24. Bxc6 bxc6 25. Nd3 Qh5+ 26. Rg4 f5 27. Qc5
Rad8 28. Rhg1 Rd5 29. Qxc6 fxg4 30. hxg4 Ne7 31. Qc4 Qf7 32. f4 Rfd8 33. Rd1
R5d6 34. Qxc7 Qxb3 35. Qxe7 Rxd3 36. Qxd8+ Rxd8 37. Rxd8+ Kh7 38. Rd3 Qc4 39.
Kd2 Qa2+ 40. Ke1 Qc2 41. Rd7 Qc3+ 42. Kf2 Qxa3 43. e4 Qa4 44. Re7 Qa2+ 45. Kf1
Qb1+ 46. Kg2 Qb2+ 47. Kf1 a5 0-1

[Event "29th North American Open"]
[Site "Las Vegas"]
[Date "2019.12.30"]
[Round "9"]
[White "Yang, Kevin"]
[Black "Raptis, Nick"]
[Result "1-0"]
[WhiteElo "2126"]
[BlackElo "2232"]
[PlyCount "107"]
[EventDate "2019.12.??"]
[EventType "swiss"]
[EventRounds "9"]
[EventCountry "USA"]

1. Nf3 g6 2. h4 Nf6 3. d4 Bg7 4. c3 b6 5. Bg5 Bb7 6. Nbd2 d6 7. Bxf6 Bxf6 8. h5
Nd7 9. Qa4 a6 10. e4 b5 11. Qb3 O-O 12. hxg6 hxg6 13. c4 Kg7 14. Qe3 Rh8 15.
Rxh8 Kxh8 16. e5 Bg7 17. Ng5 Qf8 18. e6 Nf6 19. Qh3+ Bh6 20. Nxf7+ Kh7 21. g4
bxc4 22. Bxc4 c5 23. Bd3 c4 24. Bc2 Nd5 25. Nf3 Nf4 26. N3g5+ Kg8 27. Qxh6 Qxh6
28. Nxh6+ Kg7 29. Nhf7 Bd5 30. Kd2 Bxe6 31. Nxe6+ Nxe6 32. d5 Nd4 33. Ng5 Rf8
34. Rf1 Rb8 35. Kc1 Ne2+ 36. Kb1 Nc3+ 37. Ka1 Nxd5 38. Re1 Kf6 39. Ne4+ Kf7 40.
Nd2 Nb4 41. Bb1 Rc8 42. a3 Nc6 43. Nxc4 Nd4 44. Nd2 Rc2 45. Rd1 Rc8 46. Ba2+
Kf6 47. Ne4+ Ke5 48. Ng3 Nf3 49. Bb1 g5 50. Rd3 Nd4 51. Re3+ Kf6 52. Ne4+ Kg7
53. Nxg5 Rc1 54. Ne6+ 1-0

[Event "29th North American Open"]
[Site "Las Vegas"]
[Date "2019.12.30"]
[Round "9"]
[White "Xie, Bryan"]
[Black "Findlay, Ian T"]
[Result "0-1"]
[WhiteElo "1833"]
[BlackElo "2201"]
[PlyCount "106"]
[EventDate "2019.12.??"]
[EventType "swiss"]
[EventRounds "9"]
[EventCountry "USA"]

1. e4 c5 2. Nf3 d6 3. c3 Nf6 4. Be2 g6 5. O-O Bg7 6. Re1 O-O 7. Bf1 Nc6 8. h3
a6 9. d4 cxd4 10. cxd4 b5 11. a3 Bb7 12. Nc3 Rc8 13. Be3 Na5 14. Nd2 Nd7 15.
Rc1 Nb6 16. b3 e6 17. f4 Qe7 18. a4 bxa4 19. Nxa4 Nxa4 20. bxa4 Qd7 21. Rb1 Rc3
22. Bf2 Rfc8 23. Rb6 R3c6 24. Qb1 d5 25. e5 Bf8 26. Rxc6 Qxc6 27. Nb3 Nc4 28.
Rc1 Ba8 29. Qa2 Bb4 30. Be1 Bxe1 31. Rxe1 Qb6 32. Nc5 Rb8 33. Qf2 Bc6 34. Bd3
Qa5 35. g4 Rb2 36. Re2 Rxe2 37. Bxe2 Qc3 38. Bd3 Nb2 39. Be2 Nxa4 40. Nxa4 Bxa4
41. Kg2 Bb5 42. Qh4 Qc8 43. Bxb5 axb5 44. Qe7 h6 45. h4 Qc2+ 46. Kg3 Qd3+ 47.
Kg2 Qe2+ 48. Kg3 Qe3+ 49. Kg2 Qxf4 50. Qe8+ Kg7 51. Qxb5 Qxg4+ 52. Kf1 Qf4+ 53.
Kg2 Qxd4 0-1

[Event "29th North American Open"]
[Site "Las Vegas"]
[Date "2019.12.30"]
[Round "9"]
[White "Wu, Derek"]
[Black "Gutla, Aryan"]
[Result "1-0"]
[WhiteElo "2039"]
[BlackElo "1834"]
[PlyCount "55"]
[EventDate "2019.12.??"]
[EventType "swiss"]
[EventRounds "9"]
[EventCountry "USA"]

1. d4 Nf6 2. Bg5 g6 3. Bxf6 exf6 4. e3 Bg7 5. g3 O-O 6. Bg2 d6 7. Ne2 c6 8. c4
f5 9. O-O c5 10. Nbc3 cxd4 11. Nxd4 a6 12. Qe2 Re8 13. Rfd1 f4 14. gxf4 Qd7 15.
Nd5 Qd8 16. Rac1 Bd7 17. b4 Nc6 18. Nb3 Be6 19. c5 dxc5 20. Nxc5 Bxd5 21. Rxd5
Qb6 22. Rd7 Qxb4 23. Rxb7 Qa3 24. Qc4 Nd8 25. Rb3 Qxc1+ 26. Qxc1 Rc8 27. Rb4
Ne6 28. Rc4 1-0

[Event "29th North American Open"]
[Site "Las Vegas"]
[Date "2019.12.30"]
[Round "9"]
[White "Wang, Henry"]
[Black "Maiti, Milind"]
[Result "1/2-1/2"]
[WhiteElo "2044"]
[BlackElo "1971"]
[PlyCount "109"]
[EventDate "2019.12.??"]
[EventType "swiss"]
[EventRounds "9"]
[EventCountry "USA"]

1. c4 e6 2. g3 d5 3. Bg2 Nf6 4. Nf3 Nbd7 5. O-O dxc4 6. Qc2 a6 7. a4 Rb8 8. a5
b5 9. axb6 cxb6 10. Qxc4 Bb7 11. d4 Be7 12. Ne5 b5 13. Qb3 Nd5 14. Bd2 Nxe5 15.
Ba5 Nb6 16. Bxb7 Rxb7 17. dxe5 O-O 18. Qe3 Qb8 19. Bxb6 Rxb6 20. Rd1 h6 21. Nc3
Rd8 22. Ne4 Rc6 23. Qf3 Rc2 24. Rxd8+ Qxd8 25. Nd6 Bxd6 26. Rd1 Qd7 27. exd6
Rc8 28. Qe4 a5 29. Qe3 a4 30. Qb6 f6 31. f3 Kh7 32. Kf2 Rc2 33. h4 Rc4 34. Qe3
Kg8 35. Qd3 Rc8 36. Qe4 Rc4 37. Qd3 Rc5 38. Qe3 Rc6 39. Qd3 Rc8 40. g4 Rc5 41.
Qe3 Rc6 42. Qd4 Rc8 43. Qb6 Kf7 44. Rd4 Rc4 45. Rd1 Rc2 46. Qd4 Rc4 47. Qd3 Rc5
48. e4 Qa7 49. Kg3 Qd7 50. Qe3 Rc6 51. e5 fxe5 52. Qxe5 Rc4 53. g5 h5 54. Kh3
Kg6 55. Re1 1/2-1/2

[Event "29th North American Open"]
[Site "Las Vegas"]
[Date "2019.12.30"]
[Round "9"]
[White "Karthik, Advaith"]
[Black "Botez, Alexandra"]
[Result "1-0"]
[WhiteElo "1794"]
[BlackElo "2062"]
[PlyCount "93"]
[EventDate "2019.12.??"]
[EventType "swiss"]
[EventRounds "9"]
[EventCountry "USA"]

1. d4 Nf6 2. c4 g6 3. Nc3 Bg7 4. e4 d6 5. Nf3 O-O 6. Be2 e5 7. Be3 Nc6 8. d5
Ne7 9. Nd2 a5 10. a3 Bd7 11. b4 axb4 12. axb4 Rxa1 13. Qxa1 Ng4 14. Bxg4 Bxg4
15. f3 Bd7 16. c5 Nc8 17. O-O f5 18. Nc4 Qh4 19. Qe1 Qh5 20. Qc1 f4 21. Bd2 g5
22. h3 Rf6 23. Kf2 Qe8 24. Qc2 dxc5 25. bxc5 Bf8 26. d6 cxd6 27. Nd5 Rh6 28.
Bc3 Bb5 29. Bb2 Qc6 30. Ba3 b6 31. Rb1 bxc5 32. Na5 Qa6 33. Qb3 Kg7 34. Qxb5
Qxb5 35. Rxb5 Re6 36. Rb7+ Kg8 37. Nc6 h5 38. Rc7 g4 39. hxg4 hxg4 40. fxg4 Rh6
41. Rxc8 Rh1 42. Rc7 Bg7 43. Nce7+ Kf8 44. Nf5 Bh6 45. Nxd6 Bg5 46. Bxc5 Bh4+
47. Ke2 1-0

[Event "29th North American Open"]
[Site "Las Vegas"]
[Date "2019.12.29"]
[Round "8.1"]
[White "Gabuzyan, Hovhannes"]
[Black "Liang, Jason"]
[Result "1-0"]
[WhiteElo "2610"]
[BlackElo "2296"]
[PlyCount "105"]
[EventDate "2019.12.??"]
[EventType "swiss"]
[EventRounds "9"]
[EventCountry "USA"]

1. Nf3 Nf6 2. g3 b6 3. Bg2 Bb7 4. O-O e6 5. d3 d5 6. Nbd2 Be7 7. Re1 c5 8. e4
Nc6 9. a3 O-O 10. e5 Nd7 11. c4 d4 12. h4 a6 13. h5 b5 14. h6 g6 15. Nh2 Rb8
16. Ng4 Na5 17. Bxb7 Rxb7 18. Qf3 bxc4 19. Nxc4 Rb8 20. Nd2 Nb3 21. Rb1 Qa5 22.
Qd1 Nxd2 23. Bxd2 Qb5 24. Bf4 Nb6 25. Qd2 Nd5 26. Bg5 Qd7 27. Bxe7 Qxe7 28.
Rbc1 Rfc8 29. Rc4 Rb5 30. Rec1 Rcb8 31. R4c2 Rc8 32. a4 Rb7 33. Nf6+ Nxf6 34.
exf6 Qxf6 35. Rxc5 Rf8 36. Rc8 Rb8 37. Rxb8 Rxb8 38. b4 g5 39. Rc5 e5 40. b5
axb5 41. axb5 Qxh6 42. Rxe5 f6 43. Re7 Kf8 44. Qe1 Qg6 45. Rc7 Qe8 46. Qb4+ Kg8
47. Qxd4 Qg6 48. b6 Qf5 49. b7 Re8 50. Qc4+ Kh8 51. Rc8 Rxc8 52. Qxc8+ Qxc8 53.
bxc8=Q+ 1-0

[Event "29th North American Open"]
[Site "Las Vegas"]
[Date "2019.12.29"]
[Round "8.2"]
[White "Izoria, Zviad"]
[Black "Aoshima, Mirai"]
[Result "1-0"]
[WhiteElo "2599"]
[BlackElo "2361"]
[PlyCount "79"]
[EventDate "2019.12.??"]
[EventType "swiss"]
[EventRounds "9"]
[EventCountry "USA"]

1. d4 Nf6 2. Nf3 e6 3. c4 c5 4. e3 d5 5. Nc3 Nc6 6. cxd5 exd5 7. Bb5 a6 8.
Bxc6+ bxc6 9. O-O Be6 10. Na4 cxd4 11. exd4 Qc7 12. Ne5 Bd6 13. Bf4 Nd7 14. Re1
O-O 15. Rc1 Nxe5 16. Bxe5 Bf5 17. Nc5 Rfe8 18. Bxd6 Qxd6 19. Rc3 a5 20. Rce3
Rxe3 21. Rxe3 h6 22. b3 Rb8 23. a3 Qg6 24. Qe1 Qg4 25. Qd2 Kh7 26. f3 Qg5 27.
Re2 Qf6 28. Qf4 Rb5 29. Re5 Kg6 30. h4 Bc2 31. h5+ Kh7 32. Qxf6 gxf6 33. Re7
Kg7 34. Rb7 Rxb7 35. Nxb7 Bxb3 36. Nxa5 Ba4 37. Nb7 Kf8 38. Nc5 Bd1 39. a4 Ke7
40. a5 1-0

[Event "29th North American Open"]
[Site "Las Vegas"]
[Date "2019.12.29"]
[Round "8.3"]
[White "Paragua, Mark"]
[Black "Mitkov, Nikola"]
[Result "1-0"]
[WhiteElo "2513"]
[BlackElo "2508"]
[PlyCount "59"]
[EventDate "2019.12.??"]
[EventType "swiss"]
[EventRounds "9"]
[EventCountry "USA"]

1. Nf3 d5 2. g3 Bg4 3. Bg2 Nd7 4. O-O e6 5. d4 c6 6. Nbd2 f5 7. c4 Bd6 8. Qb3
Rb8 9. Re1 Ne7 10. Ng5 Nf8 11. cxd5 exd5 12. e4 h6 13. exd5 hxg5 14. Nc4 f4 15.
Bd2 Rh6 16. gxf4 cxd5 17. Bxd5 Ne6 18. Ne5 gxf4 19. Nxg4 Nxd4 20. Qa4+ Ndc6 21.
Nxh6 gxh6 22. Bxf4 Bxf4 23. Bxc6+ bxc6 24. Qxf4 Rb5 25. Rad1 Qc8 26. Rxe7+ Kxe7
27. Re1+ Kd7 28. Qf7+ Kd6 29. Qe7+ Kd5 30. Qe5+ 1-0

[Event "29th North American Open"]
[Site "Las Vegas"]
[Date "2019.12.29"]
[Round "8.4"]
[White "Zhao, Ian"]
[Black "Ruiz Castillo, Joshua Daniel"]
[Result "1/2-1/2"]
[WhiteElo "2320"]
[BlackElo "2497"]
[PlyCount "85"]
[EventDate "2019.12.??"]
[EventType "swiss"]
[EventRounds "9"]
[EventCountry "USA"]

1. e4 c5 2. Nf3 e6 3. c3 Nf6 4. e5 Nd5 5. d4 cxd4 6. cxd4 d6 7. Bc4 Be7 8. O-O
O-O 9. Qe2 Bd7 10. Re1 Bc6 11. Nc3 Nxc3 12. bxc3 Nd7 13. Bf4 Bxf3 14. Qxf3 dxe5
15. Bxe5 Nxe5 16. Rxe5 Bf6 17. Rb5 Rc8 18. Be2 Qc7 19. Rxb7 Qxc3 20. Qxc3 Rxc3
21. Rd1 Rc2 22. Kf1 Rxa2 23. d5 exd5 24. Rxd5 Bd8 25. Bc4 Ra1+ 26. Ke2 Re8+ 27.
Kd2 g6 28. Rxf7 Kxf7 29. Ra5+ Kg7 30. Rxa1 Bb6 31. f3 Kf6 32. Ra6 h5 33. Bd3 h4
34. g3 Rh8 35. Ra4 hxg3 36. hxg3 Rh2+ 37. Kc3 g5 38. Rg4 Rg2 39. f4 gxf4 40.
Rxf4+ Kg5 41. Rf8 Rxg3 42. Rg8+ Kf4 43. Rxg3 1/2-1/2

[Event "29th North American Open"]
[Site "Las Vegas"]
[Date "2019.12.29"]
[Round "8"]
[White "Liu, Bovey"]
[Black "Niemann, Hans Moke"]
[Result "1/2-1/2"]
[WhiteElo "2230"]
[BlackElo "2471"]
[PlyCount "78"]
[EventDate "2019.12.??"]
[EventType "swiss"]
[EventRounds "9"]
[EventCountry "USA"]

1. e4 c5 2. Nf3 Nc6 3. Bb5 g6 4. Bxc6 bxc6 5. O-O Bg7 6. Re1 Nf6 7. d3 O-O 8.
Nc3 d6 9. h3 e5 10. Ne2 Nh5 11. g4 Nf6 12. Nh2 h5 13. Bg5 hxg4 14. Nxg4 Bxg4
15. hxg4 Qd7 16. Bxf6 Qxg4+ 17. Ng3 Qxd1 18. Raxd1 Bxf6 19. Kg2 Kg7 20. Rf1 Rh8
21. b3 Rh4 22. Rh1 Rxh1 23. Rxh1 Bg5 24. a4 Rh8 25. Rxh8 Kxh8 26. Ne2 Bd2 27.
Ng1 Kg7 28. Nf3 Bf4 29. Kh3 f5 30. c4 Kf6 31. Nh4 Bc1 32. Kg3 Bg5 33. Ng2 Ke6
34. f3 Bd2 35. Kf2 Kf6 36. Kg3 Kg5 37. Kf2 f4 38. Ke2 Bc3 39. Kf2 Kh5 1/2-1/2

[Event "29th North American Open"]
[Site "Las Vegas"]
[Date "2019.12.29"]
[Round "8"]
[White "Aldama Degurnay, Dionisio"]
[Black "Andrews, Todd"]
[Result "0-1"]
[WhiteElo "2411"]
[BlackElo "2214"]
[PlyCount "122"]
[EventDate "2019.12.??"]
[EventType "swiss"]
[EventRounds "9"]
[EventCountry "USA"]

1. e4 e6 2. d3 d5 3. Nd2 Nf6 4. Ngf3 Nc6 5. g3 Bc5 6. Bg2 dxe4 7. dxe4 e5 8.
O-O O-O 9. Qe2 a5 10. h3 b6 11. Nc4 Ba6 12. b3 Nd4 13. Nxd4 Bxd4 14. Rb1 Qe7
15. Rd1 Rad8 16. Qf3 Bxc4 17. bxc4 Nd7 18. h4 Qe6 19. Bf1 Kh8 20. Qf5 Nc5 21.
Ba3 g6 22. Qxe6 fxe6 23. Rxd4 Rxd4 24. Bxc5 bxc5 25. Bd3 Rd7 26. Rb5 a4 27.
Rxc5 Rdf7 28. Rc6 Rxf2 29. Rxc7 Rd2 30. c5 Rb8 31. Rf7 Kg8 32. Rf1 Rc8 33. Rb1
Rxc5 34. Rb4 Rc7 35. Kf1 a3 36. Rb3 Ra7 37. Ke1 Rg2 38. Be2 Rg1+ 39. Kd2 Rg2
40. Ke1 Ra4 41. Re3 Rh2 42. c4 Rb4 43. c5 Rb1+ 44. Kd2 Rb2+ 45. Kd3 Rh1 46. Bg4
Kf7 47. Kc4 Rc1+ 48. Rc3 Rxc3+ 49. Kxc3 Ke7 50. c6 Kd6 51. c7 Kxc7 52. Bxe6 Kd6
53. Bg8 Kc5 54. Bxh7 Rxa2 55. Kb3 Rg2 56. Kxa3 Rxg3+ 57. Kb2 Kd4 58. Kc2 Rg2+
59. Kb3 Rg4 60. Kc2 Rxe4 61. Bxg6 Rxh4 0-1

[Event "29th North American Open"]
[Site "Las Vegas"]
[Date "2019.12.29"]
[Round "8"]
[White "Raptis, Nick"]
[Black "Blatny, Pavel"]
[Result "0-1"]
[WhiteElo "2232"]
[BlackElo "2331"]
[PlyCount "104"]
[EventDate "2019.12.??"]
[EventType "swiss"]
[EventRounds "9"]
[EventCountry "USA"]

1. g3 d5 2. Bg2 e6 3. f4 g6 4. Nf3 Bg7 5. O-O c6 6. Nc3 b5 7. d3 Qb6+ 8. Kh1
Nf6 9. a3 c5 10. e4 d4 11. Ne2 h6 12. h3 Nc6 13. g4 e5 14. fxe5 Nd7 15. Nf4
Ndxe5 16. Nd5 Qd8 17. Bf4 Be6 18. a4 b4 19. Qe1 g5 20. Bxe5 Nxe5 21. Qg3 Qd6
22. c3 dxc3 23. bxc3 Bxd5 24. exd5 O-O-O 25. d4 Nxf3 26. Qxf3 c4 27. Qe2 Qc7
28. cxb4 Rhe8 29. Qf2 c3 30. Rfc1 Qf4 31. Qa2 Qxd4 32. Rd1 Qf4 33. Rf1 Qc7 34.
d6 Rxd6 35. Rxf7 Re7 36. Rxe7 Qxe7 37. Qc4+ Kd8 38. Rf1 Qe6 39. Qb5 Ke7 40. Qc5
Bd4 41. Qc7+ Rd7 42. Qc8 Bf6 43. b5 Qe5 44. Bc6 Rd2 45. Qe8+ Kd6 46. Qf8+ Kc7
47. Bg2 c2 48. Qf7+ Be7 49. a5 Rd1 50. b6+ axb6 51. axb6+ Kxb6 52. Qf2+ Qc5 0-1

[Event "29th North American Open"]
[Site "Las Vegas"]
[Date "2019.12.29"]
[Round "8"]
[White "Vijay, Keerthi K"]
[Black "Daggupati, Balaji"]
[Result "1/2-1/2"]
[WhiteElo "2200"]
[BlackElo "2311"]
[PlyCount "55"]
[EventDate "2019.12.??"]
[EventType "swiss"]
[EventRounds "9"]
[EventCountry "USA"]

1. c4 e5 2. Nc3 Nf6 3. g3 Nc6 4. Bg2 Bc5 5. e3 d5 6. cxd5 Nb4 7. d3 Nfxd5 8.
Nxd5 Nxd5 9. a3 O-O 10. b4 Bb6 11. Bb2 Re8 12. Nf3 f6 13. O-O a5 14. b5 Be6 15.
e4 Ne7 16. d4 exd4 17. Bxd4 Bc4 18. Re1 Bxd4 19. Nxd4 Nc8 20. Rc1 Nb6 21. Bf1
Bxf1 22. Kxf1 Qd7 23. Qb3+ Kh8 24. Nf5 a4 25. Qb4 Rad8 26. Kg1 Re5 27. Rc5 g6
28. Ne3 1/2-1/2

[Event "29th North American Open"]
[Site "Las Vegas"]
[Date "2019.12.29"]
[Round "8"]
[White "Kretchetov, Alexandre"]
[Black "Chen, Benjamin"]
[Result "1/2-1/2"]
[WhiteElo "2220"]
[BlackElo "2046"]
[PlyCount "53"]
[EventDate "2019.12.??"]
[EventType "swiss"]
[EventRounds "9"]
[EventCountry "USA"]

1. Nf3 Nf6 2. c4 e6 3. Nc3 d5 4. d4 Bb4 5. e3 O-O 6. Bd2 c5 7. a3 Bxc3 8. Bxc3
Ne4 9. Rc1 Nxc3 10. Rxc3 cxd4 11. Nxd4 dxc4 12. Bxc4 Bd7 13. Bd3 Nc6 14. Be4
Rc8 15. Nxc6 Bxc6 16. Bxc6 Rxc6 17. Rxc6 bxc6 18. Qxd8 Rxd8 19. Ke2 Kf8 20. Rc1
Rc8 21. Kd3 Ke7 22. Rc4 Kd6 23. Rd4+ Kc7 24. Kc4 Rb8 25. b3 e5 26. Rd2 Re8 27.
e4 1/2-1/2

[Event "29th North American Open"]
[Site "Las Vegas"]
[Date "2019.12.29"]
[Round "8"]
[White "Kanli, Alperen"]
[Black "Findlay, Ian T"]
[Result "0-1"]
[WhiteElo "1927"]
[BlackElo "2201"]
[PlyCount "138"]
[EventDate "2019.12.??"]
[EventType "swiss"]
[EventRounds "9"]
[EventCountry "USA"]

1. e4 c5 2. Nf3 d6 3. d4 cxd4 4. Nxd4 Nf6 5. Nc3 g6 6. Be3 Bg7 7. f3 Nc6 8. Qd2
O-O 9. O-O-O d5 10. exd5 Nxd5 11. Nxc6 bxc6 12. Bd4 Bxd4 13. Qxd4 Qb6 14. Nxd5
cxd5 15. Qxb6 axb6 16. a3 Bb7 17. Bb5 Ra5 18. a4 Rc8 19. b3 Bc6 20. Bxc6 Rxc6
21. Rhe1 e6 22. Rd4 Rac5 23. Re2 e5 24. Rb4 d4 25. Kb2 f6 26. f4 Kf7 27. fxe5
fxe5 28. Rc4 Rxc4 29. bxc4 Ke6 30. Kb3 Kf5 31. Rf2+ Ke4 32. Re2+ Kf4 33. g3+
Kf5 34. Kb4 e4 35. Kb5 Rc5+ 36. Kxb6 Rxc4 37. a5 d3 38. cxd3 exd3 39. Re1 Rb4+
40. Kc5 Ra4 41. Kb5 Ra2 42. Kc4 Rxh2 43. Kxd3 Ra2 44. Ke3 Kg4 45. Re2 Ra3+ 46.
Kf2 Rf3+ 47. Kg1 Ra3 48. Kf2 g5 49. Re4+ Kh3 50. Re5 h6 51. Re6 Ra2+ 52. Kf1
Rxa5 53. Rxh6+ Kxg3 54. Rf6 g4 55. Rg6 Ra1+ 56. Ke2 Rg1 57. Rg8 Kh2 58. Kf2 g3+
59. Kf3 Rf1+ 60. Ke2 Rf5 61. Rh8+ Kg1 62. Rg8 g2 63. Re8 Rh5 64. Rg8 Kh2 65.
Kf2 Rf5+ 66. Ke2 g1=Q 67. Rh8+ Kg2 68. Rg8+ Kh1 69. Rh8+ Qh2+ 0-1

[Event "29th North American Open"]
[Site "Las Vegas"]
[Date "2019.12.29"]
[Round "8"]
[White "Lee, Megan"]
[Black "Maiti, Milind"]
[Result "1-0"]
[WhiteElo "2133"]
[BlackElo "1971"]
[PlyCount "47"]
[EventDate "2019.12.??"]
[EventType "swiss"]
[EventRounds "9"]
[EventCountry "USA"]

1. e4 c5 2. Nc3 e6 3. Nge2 a6 4. g3 Qc7 5. a4 b6 6. Bg2 Bb7 7. O-O Nf6 8. d3
Nc6 9. f4 d6 10. f5 e5 11. Bg5 Nd4 12. b3 Be7 13. Nc1 h6 14. Be3 Rd8 15. Nd5
Qb8 16. c3 Nc6 17. Nxb6 O-O 18. Nd5 Nxd5 19. exd5 Na7 20. f6 Bxf6 21. Rxf6 gxf6
22. Qg4+ Kh7 23. Be4+ Kh8 24. Qf5 1-0

[Event "29th North American Open"]
[Site "Las Vegas"]
[Date "2019.12.30"]
[Round "8"]
[White "Omori, Michael"]
[Black "Wu, Derek"]
[Result "0-1"]
[WhiteElo "2112"]
[BlackElo "2039"]
[PlyCount "156"]
[EventDate "2019.12.??"]
[EventType "swiss"]
[EventRounds "9"]
[EventCountry "USA"]

1. d4 Nf6 2. c4 e6 3. Nf3 d5 4. Nc3 c6 5. Bg5 dxc4 6. e3 b5 7. Qc2 Bb7 8. Be2
Nbd7 9. O-O Be7 10. e4 h6 11. Be3 a6 12. a4 Qb8 13. h3 O-O 14. Rfd1 e5 15. dxe5
Nxe5 16. Nxe5 Qxe5 17. f4 Qe6 18. f5 Qe5 19. Bd4 Bc5 20. Bxc5 Qxc5+ 21. Kh1
Rfe8 22. Bf3 Rad8 23. Rxd8 Rxd8 24. Rd1 Rd4 25. Ne2 Rxd1+ 26. Qxd1 Qe5 27. Qd8+
Kh7 28. Qb6 Bc8 29. Nc3 Bd7 30. Qxa6 b4 31. Ne2 Nxe4 32. Qxc4 Nd2 33. Qxf7 Nxf3
34. gxf3 Bxf5 35. Ng1 Bg6 36. Qb3 Qc5 37. Qa2 Qa5 38. Qb3 c5 39. Qc4 Qxa4 40.
Qxc5 Qb3 41. Qf2 Qd3 42. Kg2 Qd6 43. Qe3 Qf6 44. Qd2 b3 45. Ne2 Kh8 46. Nd4 Bf7
47. Qe3 Qg6+ 48. Kf2 Qb6 49. Kg3 Qc7+ 50. f4 Qc5 51. h4 Qa7 52. Qe5 Qa6 53. Nf5
Qg6+ 54. Kf3 Be6 55. Ne3 Bd7 56. Qb8+ Be8 57. Qxb3 Bc6+ 58. Kf2 Qe4 59. Qb8+
Kh7 60. Qe5 Qf3+ 61. Ke1 Be4 62. Nf5 Qh1+ 63. Kf2 Qg2+ 64. Ke1 Bd3 65. Ne7 Qh3
66. h5 Qd7 67. f5 Bc2 68. Kf2 Qd2+ 69. Qe2 Qf4+ 70. Ke1 Be4 71. Ng6 Qxf5 72.
Nf8+ Kg8 73. Ng6 Qa5+ 74. Kf2 Qb6+ 75. Qe3 Qxb2+ 76. Kg3 Qg2+ 77. Kf4 Bxg6 78.
hxg6 Qxg6 0-1

[Event "29th North American Open"]
[Site "Las Vegas"]
[Date "2019.12.29"]
[Round "8"]
[White "Botez, Alexandra"]
[Black "Velazquez, Kevin"]
[Result "0-1"]
[WhiteElo "2062"]
[BlackElo "1713"]
[PlyCount "94"]
[EventDate "2019.12.??"]
[EventType "swiss"]
[EventRounds "9"]
[EventCountry "USA"]

1. d4 Nf6 2. c4 e6 3. Nf3 b6 4. g3 Ba6 5. b3 Bb4+ 6. Bd2 Be7 7. Bg2 d5 8. O-O
O-O 9. Bc3 Ne4 10. Bb2 Nd7 11. Nbd2 Ndf6 12. Ne5 Bb7 13. f3 Nd6 14. e3 c5 15.
Qe2 cxd4 16. exd4 dxc4 17. Ndxc4 Nf5 18. Rad1 Nd5 19. Bh3 b5 20. Bxf5 exf5 21.
Ne3 f4 22. Nxd5 Qxd5 23. gxf4 Rac8 24. Qg2 Rfe8 25. Kh1 f5 26. Rg1 Bf6 27. Rdf1
Re6 28. Rf2 Ra6 29. Ba1 Bxe5 30. fxe5 Rg6 31. Qf1 Rxg1+ 32. Kxg1 Rc6 33. Rg2
Rc7 34. Rf2 g5 35. Bb2 g4 36. Qd3 Rf7 37. Rg2 h5 38. Qe2 Kh7 39. Rf2 gxf3 40.
Qe3 b4 41. Bc1 Rg7+ 42. Kf1 Ba6+ 43. Ke1 Rg1+ 44. Kd2 Qc6 45. Bb2 Rb1 46. Rxf3
Rxb2+ 47. Ke1 Qc2 0-1

[Event "29th North American Open"]
[Site "Las Vegas"]
[Date "2019.12.29"]
[Round "7.1"]
[White "Mitkov, Nikola"]
[Black "Izoria, Zviad"]
[Result "0-1"]
[WhiteElo "2508"]
[BlackElo "2599"]
[PlyCount "80"]
[EventDate "2019.12.??"]
[EventType "swiss"]
[EventRounds "9"]
[EventCountry "USA"]

1. e4 c5 2. Nc3 e6 3. Nf3 d6 4. d4 cxd4 5. Nxd4 a6 6. Bd3 Nf6 7. O-O g6 8. f4
Bg7 9. Kh1 O-O 10. Qe1 Nfd7 11. Be3 Nc6 12. Nxc6 bxc6 13. Rd1 Re8 14. Na4 Qc7
15. b3 Bb7 16. Bd2 c5 17. Bc3 Bxc3 18. Nxc3 d5 19. e5 Rf8 20. Qg3 f5 21. Nb1
Rf7 22. Nd2 Nf8 23. Nf3 Qa5 24. Qe1 Qb6 25. c3 a5 26. Qf2 Rc7 27. Rb1 Ba6 28.
Bxa6 Qxa6 29. h3 c4 30. bxc4 Rxc4 31. Rb6 Qc8 32. Qh4 Rxc3 33. Ng5 Rb8 34. Rxe6
Rc1 35. Rxc1 Qxc1+ 36. Kh2 Rb1 37. Nf3 Nxe6 38. Kg3 Rb2 39. Qh6 Qf1 40. Nh4
Qf2+ 0-1